| 000 | 00402nam a22001457a 4500 | ||
|---|---|---|---|
| 082 |
_a621.3192 _bNOW _cL-10, P-30 |
||
| 100 |
_aNowak, John F. _941420 |
||
| 245 | _aPractical residential wiring. | ||
| 250 | _a2nd ed. | ||
| 260 |
_aUSA _bD. Van Nostrand Company, Inc. _c1960 |
||
| 300 |
_a511 p. : _bill. : _c10 Cm |
||
| 526 |
_a0 _b0 _c0 _d621_319200000000000_NOW |
||
| 650 |
_aMCE _9379 |
||
| 942 |
_2ddc _cBK |
||
| 999 |
_c545528 _d545528 |
||